000 00740nam a22001811a 4500
001 11852
003 OSt
005 20260204212259.0
008 131206s2007||||dr ||||||b||||||||||spa||
082 _aRD 346.0437293 R299i
110 _aRepublica Dominicana
245 _aLey no. 108-05 de registro inmoviliario de la República Dominicana (Modificada por la ley no. 51-07) y Reglamentos / Segundo E. Moncion y Leonaldo Mirabal
264 _aSantiago de los Caballeros : Hnos. Capellán
300 _a307 P.
650 _aREGISTRO DE LA PROPIEDAD - LEGISLACION 2.DERECHO INMOVILIARIO - LEGISLACION - REPUBLICA DOMINICANA 3.LEY N0 108-05 DE REGISTRO INMOBILIARIO
700 _aMoncion, Segundo E. ll Mirabal LeonaldoÌ
942 _2ddc
_cBK
999 _c11852
_d11852